Decisiones de precio en alta inflación (Registro nro. 16313)

Detalles MARC
000 -LEADER
fixed length control field 00330 a2200109 4500
001 - CONTROL NUMBER
control field ART_3311
005 - DATE AND TIME OF LATEST TRANSACTION
control field 20260410161713.0
008 - FIXED-LENGTH DATA ELEMENTS--GENERAL INFORMATION
fixed length control field 260409a
100 1# - MAIN ENTRY--PERSONAL NAME
Personal name Frenkel, Roberto
245 10 - TITLE STATEMENT
Title Decisiones de precio en alta inflación
773 0# - HOST ITEM ENTRY
Title Desarrollo económico
Related parts - Vol. 19, Nº 75 (oct./dic. 1979)
Record control number REV1174

No hay ítems disponibles.